Wine Regions of Portugal (typing) - Statistics

General Stats
  • This quiz has been taken 174 times
  • The average score is 7 of 9
Answers on the Map
Answers color-coded by a green-red scale on the quiz's map according to % correct below.
 
Answer Stats
Region % Correct
Douro
96%
Vinho Verde
88%
Alentejo
85%
Dão
83%
Douro Superior
73%
Alentejano
69%
Bairrada
69%
Cima Corgo
65%
Baixo Corgo
54%
No matching quizzes found
Score Distribution
Percent of People with Each Score
Percentile by Number Answered
Your Score History
You have not taken this quiz